Statistics for Snow On The Beach - Taylor Swift (All Lyrics)

Click here to take the quiz!

General Stats

  • This quiz has been taken 15 times
  • The average score is 331 of 399

Answer Stats

Lyrics% Correct
a
100%
be
100%
beach?
100%
beach)
100%
beach
100%
(I)
100%
I
100%
like
100%
Like
100%
on
100%
(Snow
100%
snow
100%
snow,
100%
the
100%
beautiful
93%
But
93%
but
93%
fuckin'
93%
I'm
93%
in
93%
is
93%
it
93%
it?
93%
we
93%
Weird,
93%
You
93%
you
93%
(You
93%
And
86%
by
86%
dream)
86%
dream
86%
flying
86%
(Flying
86%
Flying
86%
have
86%
it's
86%
(It's
86%
No
86%
your
86%
"aurora
79%
been
79%
borealis
79%
do,
79%
feels
79%
impossible
79%
me
79%
me)
79%
my
79%
My
79%
night,
79%
of
79%
once
79%
One
79%
Passing
79%
pocketful
79%
saw
79%
screen
79%
searched
79%
this
79%
This
79%
to
79%
what
79%
ago
71%
all
71%
Are
71%
are
71%
around
71%
at
71%
comin'
71%
could've
71%
down)
71%
down
71%
down,
71%
fake
71%
falling
71%
few
71%
fine
71%
from
71%
green"
71%
I've
71%
just
71%
lights
71%
make
71%
might
71%
moons
71%
never
71%
Now
71%
scene
71%
seen
71%
so
71%
someone
71%
Stars
71%
'Til
71%
'til
71%
Tonight
71%
true
71%
wanting
71%
within
71%
abusive
64%
ah
64%
another
64%
asking
64%
awful,
64%
Can
64%
can't
64%
(Can't)
64%
contest
64%
dare
64%
did
64%
dishonest
64%
don't
64%
(Don't)
64%
emotionally
64%
even
64%
flecks
64%
flight
64%
for
64%
Janet
64%
Life
64%
lit
64%
planet
64%
real
64%
smile
64%
thanks
64%
thing?
64%
time
64%
was
64%
wish
64%
won
64%
would
64%
Blurring
57%
eyes
57%
hide
57%
out
57%
periphery
57%
quite
57%
saucers
57%
sound,
57%
stop
57%
that
57%
unbeknownst
57%
afraid
50%
jinx
50%
speak,
50%
unglued,
50%

Score Distribution

Percentile by Number Answered

Percent of People with Each Score

Your Score History

You have not taken this quiz